1990's Song Titles: Picture Clues - Statistics

General Stats
  • This quiz has been taken 180 times
  • The average score is 8 of 20
Answer Stats
Picture Hint Answer % Correct
Vanilla Ice Ice Ice Baby
88%
Nirvana Lithium
88%
Cranberries Zombie
85%
Weezer Buddy Holly
71%
Pearl Jam Jeremy
58%
Spin Doctors Two Princes
58%
Arrested Development (red area) Tennessee
53%
Butthole Surfers Pepper
48%
Blur Country House
35%
Radiohead Paranoid Android
35%
Fatboy Slim Praise You
35%
Cornershop Brimful Of Asha
31%
Oasis Supersonic
28%
Babybird Cornershop
17%
Beck Devil's Haircut
16%
Pulp Help The Aged
13%
Chemical Brothers Setting Sun
13%
Green Day Hitchin' A Ride
12%
Pavement Cut Your Hair
9%
The Orb Little Fluffy Clouds
7%
No matching quizzes found
Score Distribution
Percent of People with Each Score
Percentile by Number Answered
Your Score History
You have not taken this quiz